000 00524nam a2200193Ia 4500
003 OSt
005 20221002055050.0
006 a|||||r|||| 00| 0
007 ta
008 220930b |||||||| |||| 00| 0 eng d
024 _a71941
037 _cReference Collections
040 _aCRL
_cCRL
_beng
041 _2eng
_aeng
082 _aSigma:(P111:4k), L9(RR)
245 0 _anew dictionary of the social science
942 _hSigma:(P111:4k), L9(RR)
_cref
_2CC
999 _c926684
_d926684